Využitie 3D enginu na vývoj autonómneho vozidla

Guardado en:
Detalles Bibliográficos
Autor principal: Molnár, Tomáš (Autor)
Otros Autores: Kučera, Erik (Orientador)
Formato: Manuscrito Libro
Lenguaje:eslovaco
Publicado: Bratislava : STU v Bratislave FEI, 2020
Materias:
Acceso en línea:https://opac.crzp.sk/?fn=detailBiblioForm&sid=6A51EE906317AC868B29E8B2A649&seo=CRZP-detail-kniha
Etiquetas: Agregar Etiqueta
Sin Etiquetas, Sea el primero en etiquetar este registro!

MARC

LEADER 00000ntm a22000003a 4500
001 stuzp73931
003 SK-STU
005 20200715103350.8
007 ta
008 150427s2015----xo-----f-mn---000-0-slo-d
040 |a STU  |b slo 
041 0 |a slo 
044 |a xo 
100 1 |a Molnár, Tomáš  |u 030400  |4 aut  |U FEI Fakulta elektrotechniky a informatiky  |T FEI Ústav automobilovej mechatroniky  |X 79929  |U E400  |Y 642  |7 79929 
242 0 1 |a The use of 3D engine for autonomous vehicle development  |y eng 
245 1 0 |a Využitie 3D enginu na vývoj autonómneho vozidla 
260 |a Bratislava : 
260 |b STU v Bratislave FEI, 
260 |c 2020 
300 |a 77 s. 
650 4 |a simulácia  |2 slo 
650 4 |a python  |2 slo 
650 4 |a spätnoväzbové učenie  |2 slo 
650 4 |a CARLA  |2 slo 
650 4 |a autonómne vozidlo  |2 slo 
650 4 |a 3D engine  |2 slo 
650 4 |a CARLA  |2 eng 
650 4 |a autonomous vehicle  |2 eng 
650 4 |a simulation  |2 eng 
650 4 |a 3D engine  |2 eng 
650 4 |a python  |2 eng 
650 4 |a reinforcement learning  |2 eng 
700 1 |a Kučera, Erik  |u 030400  |k Z1  |4 ths  |U FEI Fakulta elektrotechniky a informatiky  |T FEI Ústav automobilovej mechatroniky  |X 55901  |U E400  |Y 642  |7 A000055901 
856 4 |u https://opac.crzp.sk/?fn=detailBiblioForm&sid=6A51EE906317AC868B29E8B2A649&seo=CRZP-detail-kniha